000 01335cam a22003374a 4500
001 12577376
003 mut
005 20240606081126.0
008 011101s2003 at a 001 0 eng
010 _a 2001055065
020 _a0324159889
040 _aDLC
_cDLC
_dDLC
042 _apcc
050 0 0 _aHF5657.4
_b.I57 2003
082 0 0 _a658.15/11
_221
100 1 _aIngram, Robert W.
245 1 0 _aManagerial accounting :
_binformation for decisions /
250 _a3rd ed.
260 _aAustralia ;
_aMason, Ohio :
_bSouth-Western College Pub.,
_cc2003.
300 _axxiv, 520, A1-I5 p. :
_bcol. ill. ;
_c29 cm.
500 _aIncludes index.
650 0 _aManagerial accounting.
700 1 _aAlbright, Thomas L.,
_d1955-
700 1 _aHill, John W.,
_d1945-
856 4 2 _3Contributor biographical information
_uhttp://www.loc.gov/catdir/enhancements/fy1514/2001055065-b.html
856 4 2 _3Publisher description
_uhttp://www.loc.gov/catdir/enhancements/fy1514/2001055065-d.html
856 4 1 _3Table of contents only
_uhttp://www.loc.gov/catdir/enhancements/fy1514/2001055065-t.html
906 _a7
_bcbc
_corignew
_d1
_eocip
_f20
_gy-gencatlg
942 _2lcc
_cBK
999 _c9913
_d9913